|
|
|
|
| LEADER |
00000nab a2200000uu 4500 |
| 001 |
vtls011438046 |
| 003 |
SK-MaSNL |
| 005 |
20260303145643.0 |
| 008 |
230222| xo |||||||||||||||||cze| |
| 015 |
|
|
|a SNBRB
|
| 035 |
|
|
|a (urnnbn)urn:nbn:sk:snk:ar-002nvs
|
| 035 |
|
|
|a (uuid)4aee1a1c-3252-4a2c-b56e-6dfc1a49b43c
|
| 035 |
|
|
|a urn:nbn:sk:snk-abcd2d
|
| 040 |
|
|
|a SNKBUCL
|b slo
|c SNKBUCL
|e AACR2
|
| 041 |
0 |
|
|a cze
|
| 044 |
|
|
|a xo
|c SK
|
| 100 |
1 |
|
|a Kesslerová, Olga
|4 aut
|9 1168362
|
| 245 |
1 |
0 |
|a Efektivní využití vycházek
|c Olga Kesslerová
|
| 773 |
0 |
|
|t Predškolská výchova : pedagogický časopis pre učiteľky materských škôl
|g Roč. 32, č. 3 (1977-1978), s. 76-77
|
| 958 |
|
|
|a OND
|
| 958 |
|
|
|a EUIPO
|
| 958 |
|
|
|a article16
|
| 999 |
|
|
|c 2004342
|d 2006272
|